Welcome to CU Library Online Public Access Catalogue (OPAC)

Elementary Structural Dynamics (Record no. 8167)

MARC details
000 -LEADER
fixed length control field 00392nam a22001337a 4500
005 - DATE AND TIME OF LATEST TRANSACTION
control field 20251108152517.0
008 - FIXED-LENGTH DATA ELEMENTS--GENERAL INFORMATION
fixed length control field 251108b |||||||| |||| 00| 0 eng d
050 ## - LIBRARY OF CONGRESS CALL NUMBER
Classification number TL910 SEL
100 ## - MAIN ENTRY--PERSONAL NAME
Personal name Selvam, V. K. Manicka
245 ## - TITLE STATEMENT
Title Elementary Structural Dynamics
Statement of responsibility, etc. V. K. Manicka Selvam
260 ## - PUBLICATION, DISTRIBUTION, ETC.
Place of publication, distribution, etc. New Delhi
Name of publisher, distributor, etc. Dhanpat Rai Publications
Date of publication, distribution, etc. 2008
300 ## - PHYSICAL DESCRIPTION
Extent x. 780p.
Other physical details ill.
Dimensions 21.5cm
942 ## - ADDED ENTRY ELEMENTS (KOHA)
Source of classification or shelving scheme Library of Congress Classification
Koha item type Books
Suppress in OPAC No
999 ## -
-- 8167
-- 8167
Holdings
Withdrawn status Lost status Source of classification or shelving scheme Damaged status Not for loan Collection Home library Current library Shelving location Date acquired Total checkouts Full call number Barcode Date last seen Copy number Price effective from Koha item type
    Library of Congress Classification     Non-fiction Science Library (Miotso) Science Library (Miotso) General stacks 11/08/2025   TL910 SEL SLM00005623 11/08/2025 1 11/08/2025 Books
    Library of Congress Classification     Non-fiction Science Library (Miotso) Science Library (Miotso) General stacks 11/08/2025   TL910 SEL SLM00005624 11/08/2025 2 11/08/2025 Books
    Library of Congress Classification     Non-fiction Science Library (Miotso) Science Library (Miotso) General stacks 11/08/2025   TL910 SEL SLM00005625 11/08/2025 3 11/08/2025 Books
    Library of Congress Classification     Non-fiction Science Library (Miotso) Science Library (Miotso) General stacks 11/08/2025   TL910 SEL SLM00005626 11/08/2025 4 11/08/2025 Books
    Library of Congress Classification     Non-fiction Science Library (Miotso) Science Library (Miotso) General stacks 11/08/2025   TL910 SEL SLM00005627 11/08/2025 5 11/08/2025 Books
© 2023-2024 Copyright: Central University Libraries. All Rights Reserved | Created by: Mahone Tech Office